| 000 | 01092nam a2200253Ia 4500 | ||
|---|---|---|---|
| 003 | OSt | ||
| 005 | 20220930094925.0 | ||
| 006 | a|||||r|||| 00| 0 | ||
| 007 | ta | ||
| 008 | 220926b |||||||| |||| 00| 0 hin d | ||
| 024 | _a35648 | ||
| 037 | _cTheses | ||
| 040 |
_aCRL _cCRL _bhin |
||
| 041 |
_2hin _ahin |
||
| 100 | _aरोहित चन्द्र, ले. | ||
| 110 |
_aदिल्ली विश्वविद्यालय. कला संकाय. इतिहास _9556772 |
||
| 245 | 0 |
_aउन्नीसवीं सदी का बिहार और अफ़ीम _b किसान उत्पादन के संदर्भ में अध्ययन। |
|
| 246 | _aUnnīsavīan sadī kā bihār aur aफ़īma: kisān utpādan ke sandarbha mean adhyayana। | ||
| 260 | _c2015 | ||
| 300 |
_a188पृ. _ap. _ccm. |
||
| 700 |
_aदिल्ली विश्वविद्यालय. कला संकाय. इतिहास _9556773 |
||
| 942 |
_cDIS _2CC |
||
| 999 |
_c887967 _d887967 |
||